000 00749nam a2200253 i 4500
001 C2-0192044
003 PPAK
005 20180728095816.0
008 990105s1997 my a|||| ||||| | eng d
020 _a9835600090
040 _aPPAK
_beng
_cPPAK
_erda
082 0 4 _a959.5404
_2 23
090 0 0 _a959.5404
_bPOR
_dKMI
090 0 0 _a959.5404
_bPOR
_dR
100 1 _aPoritt, Vernon L.,
_eauthor
245 1 0 _aBritish colonial rule in Sarawak, 1946 - 1963
264 1 _aKuala Lumpur, New York :
_bOxford University Press ,
_c1997
300 _axxv, 424 pages :
_billustrations, maps ;
_c23 cm
336 _2rdacontent
_atext
337 _2rdamedia
_aunmediated
338 _2rdacarrier
_avolume
650 1 0 _aSarawak - History
942 _ddc
_cB
999 _c156345
_d156345